MARC details
| 000 -LEADER |
| fixed length control field |
01442nam a2200289 a 4500 |
| 008 - FIXED-LENGTH DATA ELEMENTS--GENERAL INFORMATION |
| fixed length control field |
150615s2011 ||||||||||||||||| || u |
| 020 ## - INTERNATIONAL STANDARD BOOK NUMBER |
| International Standard Book Number |
9780283071379 |
| 050 ## - LIBRARY OF CONGRESS CALL NUMBER |
| Classification number |
PS 3566.P67O86 |
| 008 - FIXED-LENGTH DATA ELEMENTS--GENERAL INFORMATION |
| fixed length control field |
120416nuuuuuuuu||||||||||||||||| || u |
| 050 ## - LIBRARY OF CONGRESS CALL NUMBER |
| Classification number |
HC 103 Mac |
| 100 ## - MAIN ENTRY--PERSONAL NAME |
| Personal name |
Potter, Matt |
| 100 ## - MAIN ENTRY--PERSONAL NAME |
| Personal name |
McCan, Robert L |
| 245 10 - TITLE STATEMENT |
| Title |
Outlaws Inc.: flying with the world's most dangerous smugglers |
| Statement of responsibility, etc |
by Matt Potter |
| 260 ## - PUBLICATION, DISTRIBUTION, ETC. (IMPRINT) |
| Place of publication, distribution, etc |
London |
| Name of publisher, distributor, etc |
Sidgwick & Jackson |
| Date of publication, distribution, etc |
2011 |
| 245 13 - TITLE STATEMENT |
| Title |
An outline of American economics |
| 260 ## - PUBLICATION, DISTRIBUTION, ETC. (IMPRINT) |
| Place of publication, distribution, etc |
Washington |
| Name of publisher, distributor, etc |
International Communication Agency |
| Date of publication, distribution, etc |
[n.d.] |
| 300 ## - PHYSICAL DESCRIPTION |
| Extent |
ix, 382p. |
| 300 ## - PHYSICAL DESCRIPTION |
| Extent |
143p. : ill. |
| 350 ## - |
| -- |
0.00 |
| 650 ## - SUBJECT ADDED ENTRY--TOPICAL TERM |
| Topical term or geographic name as entry element |
ENGLISH LANGUAGE |
| 650 ## - SUBJECT ADDED ENTRY--TOPICAL TERM |
| Topical term or geographic name as entry element |
ECONOMICS--HISTORY--UNITED STATES |
| 650 #0 - SUBJECT ADDED ENTRY--TOPICAL TERM |
| Topical term or geographic name as entry element |
ECONOMICS |
| 995 ## - RECOMMENDATION 995 [LOCAL, UNIMARC FRANCE] |
| -- |
19.98 |
| -- |
CBU-SCHOOL OF MEDICINE LIBRARY (Ndola) |
| -- |
1 |
| -- |
AVAILABLE |
| -- |
Oct 16, 2015 |
| -- |
Medical Library Open Access Collection |
| 995 ## - RECOMMENDATION 995 [LOCAL, UNIMARC FRANCE] |
| -- |
CBU-MAIN LIBRARY (Kitwe) |
| -- |
19.98 |
| -- |
1 |
| -- |
AVAILABLE |
| -- |
Oct 16, 2015 |
| -- |
Main Library Open Access Collection |
| 995 ## - RECOMMENDATION 995 [LOCAL, UNIMARC FRANCE] |
| -- |
0.00 |
| -- |
CBU-MAIN LIBRARY (Kitwe) |
| -- |
2 |
| -- |
0.00 |
| -- |
2 |
| -- |
AVAILABLE |
| -- |
Annex Low-Usage Collection |
| 995 ## - RECOMMENDATION 995 [LOCAL, UNIMARC FRANCE] |
| -- |
0.00 |
| -- |
CBU-MAIN LIBRARY (Kitwe) |
| -- |
1 |
| -- |
0.00 |
| -- |
1 |
| -- |
AVAILABLE |
| -- |
Main Library Open Access Collection |